[Event "SR 3. liga A2 2006/2007"]
[Site "?"]
[Date "2007.01.14"]
[Round "6"]
[White "Krist, Milan"]
[Black "Farkas, Gabor"]
[Result "1/2-1/2"]
[WhiteElo "2039"]
[BlackElo "2240"]
[Annotator "Galanta - Trnava C  /2/"]
[PlyCount "158"]
[EventDate "2006.??.??"]

1. d4 Nf6 2. Nf3 d5 3. c4 c6 4. Nc3 g6 5. cxd5 cxd5 6. e3 Bg7 7. Bd3 O-O 8. O-O
Nc6 9. a3 Qc7 10. Bd2 e5 11. Nb5 Qb8 12. dxe5 Nxe5 13. Nxe5 Qxe5 14. Bc3 Qg5
15. Be2 Bh3 16. Bf3 a6 17. Nd4 Ne4 18. Kh1 Nxc3 19. bxc3 Be6 20. Qb3 Rab8 21.
Qb6 Qe7 22. Rfc1 Rfc8 23. Be2 Be5 24. Qb3 Rc5 25. Rab1 b5 26. a4 bxa4 27. Qxa4
Rxb1 28. Rxb1 Rxc3 29. Qxa6 Bc8 30. Qa5 Rc5 31. Qd2 $11 Qc7 32. h3 Qe7 33. Nf3
Bc3 34. Qd1 Qf6 35. Rb5 Rxb5 36. Bxb5 Be6 37. Kg1 Qe7 38. Nd4 Qb4 39. Be2 Kg7
40. Bf3 Kf8 41. Qb3 Qxb3 42. Nxb3 Ke7 43. Nd4 Bxd4 44. exd4 Kd6 45. Kf1 Kc6 46.
Ke2 Kb5 47. Ke3 Kc4 48. h4 h5 49. Be2+ Kc3 50. f3 f6 51. f4 Kb4 52. Bd3 Bf5 53.
Be2 Ka5 54. Bf3 Be6 55. f5 Bxf5 56. Bxd5 g5 57. g3 Kb6 58. Be4 Bd7 59. Bg6 Bg4
60. Ke4 Kc6 61. Bf5 Bd1 62. Be6 Kd6 63. Bc4 Bg4 64. Bf7 f5+ 65. Ke3 f4+ 66.
gxf4 gxh4 67. Bc4 Bf5 68. Bf7 Bg4 69. Bg6 Ke6 70. Be4 Kf6 71. Bc6 h3 72. Be4 h4
73. Kf2 Be6 74. Kg1 Bd7 75. Kh2 Be6 76. f5 Bxf5 77. Bxf5 Kxf5 78. Kxh3 Ke4 79.
Kxh4 Kxd4 1/2-1/2

[Event "SR 3. liga A2 2006/2007"]
[Site "?"]
[Date "2007.01.14"]
[Round "6"]
[White "Nagy, Tomas"]
[Black "Bahna, Jan"]
[Result "1-0"]
[WhiteElo "2125"]
[BlackElo "1978"]
[Annotator "Galanta - Trnava C  /3/"]
[PlyCount "59"]
[EventDate "2006.??.??"]

1. d4 d5 2. c4 e6 3. Nc3 Nf6 4. Bg5 Be7 5. e3 O-O 6. Nf3 h6 7. Bh4 b6 8. cxd5
Nxd5 9. Bxe7 Qxe7 10. Be2 Nxc3 11. bxc3 c5 12. O-O Nc6 13. Qb1 Bb7 14. Rc1 Rfd8
15. Qb2 Rac8 16. Bb5 Na5 17. Nd2 Qg5 18. Bf1 Rc7 19. Nb3 c4 20. Nxa5 Qxa5 21.
f3 Qg5 22. e4 f5 23. Re1 fxe4 24. fxe4 Rf8 25. Re2 Rf4 26. Rae1 Rcf7 27. g3 Rf3
28. Qb4 Ba6 29. Bh3 Qe7 30. Qa4 1-0

[Event "SR 3. liga A2 2006/2007"]
[Site "?"]
[Date "2007.01.14"]
[Round "6"]
[White "Hagara, Vladimir"]
[Black "Nagy, Attila"]
[Result "1-0"]
[WhiteElo "1975"]
[BlackElo "2120"]
[Annotator "Galanta - Trnava C  /4/"]
[PlyCount "121"]
[EventDate "2006.??.??"]

1. c4 Nf6 2. Nc3 e6 3. d4 Bb4 4. Qc2 O-O 5. Nf3 d5 6. e3 b6 7. cxd5 exd5 8. Bd3
c5 9. dxc5 bxc5 10. O-O c4 11. Be2 Bg4 12. Nd4 Bxe2 13. Ncxe2 Qd6 14. Bd2 a5
15. Bc3 Ne4 16. Rad1 Bxc3 17. Nxc3 Nxc3 18. Qxc3 Nc6 19. Nf5 Qe5 20. Qxe5 Nxe5
21. Rxd5 Nd3 22. b3 Nb4 23. Rc5 cxb3 24. axb3 g6 25. Nd4 Rfc8 26. Rxc8+ Rxc8
27. Ra1 Rc5 28. Kf1 Kg7 29. Ke2 Nc2 30. Ra4 Nxd4+ 31. Rxd4 Rb5 $11 32. Rd3 Rb4
33. f3 Kf6 34. e4 Ke6 35. g3 h6 36. Ke3 a4 37. bxa4 Rxa4 38. f4 Ra2 39. h3 Rh2
40. h4 Rg2 41. Kf3 Rg1 42. Ra3 Rf1+ 43. Ke2 Rg1 44. Ra6+ Ke7 45. Kf2 Rb1 46. h5
gxh5 47. Rxh6 Rb2+ 48. Kg1 f6 49. Rxh5 Re2 50. e5 fxe5 51. Rxe5+ Rxe5 52. fxe5
Ke6 53. Kg2 Kxe5 54. Kh3 Kf5 55. Kh4 Kg6 56. Kg4 Kh6 57. Kf5 Kh5 58. g4+ Kh6
59. Kf6 Kh7 60. g5 Kg8 61. Kg6 1-0

[Event "SR 3. liga A2 2006/2007"]
[Site "?"]
[Date "2007.01.14"]
[Round "6"]
[White "Csiba, Dominik"]
[Black "Klanica, Anton"]
[Result "1-0"]
[WhiteElo "2070"]
[BlackElo "1927"]
[Annotator "Galanta - Trnava C  /5/"]
[PlyCount "55"]
[EventDate "2006.??.??"]

1. d4 Nf6 2. c4 e5 3. dxe5 Ng4 4. e4 Nxe5 5. f4 Bb4+ 6. Bd2 Bxd2+ 7. Qxd2 Nec6
8. Nf3 Qe7 9. Nc3 O-O 10. Bd3 Qc5 11. Nd5 Na6 12. a3 Nd4 13. b4 Nxf3+ 14. gxf3
Qd4 15. Ke2 c6 16. Ne7+ Kh8 17. Nf5 Qb6 18. Rag1 d6 19. Qc3 f6 20. Nxg7 Rf7 21.
Nh5 Qd8 22. Rg3 Qe7 23. Rhg1 Bf5 24. Rg5 Bg6 25. Ng3 Rg7 26. Nf5 Qf7 27. R5g3
Rd8 28. Nxg7 1-0

[Event "SR 3. liga A2 2006/2007"]
[Site "?"]
[Date "2007.01.14"]
[Round "6"]
[White "Jurik, Michal"]
[Black "Merva, Frantisek"]
[Result "0-1"]
[WhiteElo "1915"]
[BlackElo "2059"]
[Annotator "Galanta - Trnava C  /6/"]
[PlyCount "80"]
[EventDate "2006.??.??"]

1. e4 c5 2. Nf3 Nc6 3. d4 cxd4 4. Nxd4 g6 5. Nc3 Bg7 6. Be3 Nf6 7. Bc4 O-O 8.
Bb3 a5 9. f3 d5 10. exd5 Nb4 11. Nde2 a4 12. Nxa4 Nbxd5 13. Bf2 Rxa4 14. Bxa4
Qa5+ 15. c3 Rd8 16. Qb3 b6 17. Nd4 Nf4 18. Qb5 Qa8 19. O-O-O Ba6 20. Qc6 Bb7
21. Qc4 Bd5 22. Qb4 e5 23. Nc6 Bf8 24. Qxb6 Rc8 25. Qa7 Bxc6 26. Qxa8 Bxa8 27.
g3 Nh3 28. Rhf1 Bxf3 29. Bb6 e4 30. Rd8 Rxd8 31. Bxd8 Bh6+ 32. Kc2 Ng4 33. Bb6
Be3 34. Ba5 Be2 35. Re1 Bd3+ 36. Kb3 Bd2 37. Rd1 e3 38. Rxd2 exd2 39. Kb4 Ne3
40. c4 Nc2+ 0-1

[Event "SR 3. liga A2 2006/2007"]
[Site "?"]
[Date "2007.01.14"]
[Round "6"]
[White "Danis, Jozef"]
[Black "Holicky, Miroslav"]
[Result "1-0"]
[WhiteElo "1756"]
[BlackElo "1843"]
[Annotator "Galanta - Trnava C  /7/"]
[PlyCount "107"]
[EventDate "2006.??.??"]

1. d4 g6 2. Nf3 Bg7 3. c4 Nf6 4. Nc3 O-O 5. Bg5 c6 6. e4 d6 7. h3 Re8 8. Qd2
Nbd7 9. Bd3 e5 10. d5 Nc5 11. Bc2 Qc7 12. O-O cxd5 13. Bxf6 Bxf6 14. Nxd5 Qd8
15. Rfd1 Bg7 16. Nc3 Bf8 17. Nb5 Qb6 18. b4 Ne6 19. a4 Rd8 20. Rac1 a6 21. a5
Qc6 22. Na3 Nf4 23. Nxe5 Qe8 24. Qxf4 dxe5 25. Rxd8 Qxd8 26. Qxe5 Bg7 27. Qg3
Be6 28. Rd1 Qe7 29. c5 Bb2 30. Qd3 Qg5 31. Nc4 Bf6 32. Nd6 Rf8 33. Bb3 Be5 34.
Nc4 Bc7 35. Nd6 Qf4 36. Bd5 Bxd6 37. cxd6 Qxd6 38. Qb3 Rd8 39. g3 Kf8 40. Qc3
h5 41. Kg2 Ke7 42. Rd3 Rc8 43. Qd2 Qe5 44. Bxb7 Rb8 45. Bd5 g5 46. Rd4 h4 47.
Bxe6 Kxe6 48. Qa2+ Ke7 49. Qc4 Rh8 50. Rd5 Qb8 51. Qc5+ Kf6 52. Rf5+ Ke6 53.
Qd5+ Ke7 54. Rxf7+ 1-0

[Event "SR 3. liga A2 2006/2007"]
[Site "?"]
[Date "2007.01.14"]
[Round "6"]
[White "Svoboda, Adam"]
[Black "Lancz, Frantisek"]
[Result "0-1"]
[WhiteElo "1597"]
[BlackElo "1350"]
[Annotator "Galanta - Trnava C  /8/"]
[PlyCount "108"]
[EventDate "2006.??.??"]

1. e4 e5 2. Nf3 Nc6 3. d4 exd4 4. Nxd4 Nxd4 5. Qxd4 d6 6. Nc3 Nf6 7. Bg5 Be7 8.
Bd3 Be6 9. Rd1 c6 10. O-O Qa5 11. Bd2 Qh5 12. Ne2 Ng4 13. h3 Ne5 14. Nf4 Qh4
15. Nxe6 fxe6 16. Be2 O-O 17. f4 Nd7 18. Bg4 Rf6 19. Be1 Qh6 20. f5 d5 21. Bd2
g5 22. e5 Bc5 23. Qxc5 Nxc5 24. exf6 Qxf6 25. fxe6 Qd4+ 26. Kh1 Ne4 27. Kh2
Nxd2 28. Rfe1 Qf4+ 29. Kg1 Ne4 30. Bh5 Qf2+ 31. Kh2 Qg3+ 32. Kg1 Kf8 33. Rf1+
Ke7 34. Rd3 Qd6 35. Bf7 Qc5+ 36. Kh2 Qxc2 37. Rb3 b6 38. Rff3 Qc5 39. Rfe3 Rf8
40. Ra3 Rxf7 41. exf7 Kxf7 42. Rxa7+ Kg6 43. Rf3 Qd6+ 44. Kg1 Nf6 45. Ra6 Qc5+
46. Kh2 Qb5 47. Raa3 Qxb2 48. Rac3 c5 49. Rb3 Qe5+ 50. Kg1 c4 51. Rbe3 Qa1+ 52.
Kh2 Qxa2 53. Re6 Qb2 54. Rf1 b5 0-1

[Event "SR 3. liga A2 2006/2007"]
[Site "?"]
[Date "2007.01.14"]
[Round "6"]
[White "Curidlo, Jan"]
[Black "Kovacocy, Pavel"]
[Result "0-1"]
[WhiteElo "2084"]
[BlackElo "2266"]
[Annotator "Piestany B - Cífer  /1/"]
[PlyCount "142"]
[EventDate "2006.??.??"]

1. e4 c5 2. Nf3 Nc6 3. d4 cxd4 4. Nxd4 g6 5. c4 Bg7 6. Be3 Nf6 7. Nc3 O-O 8.
Be2 d6 9. O-O Bd7 10. Rc1 Nxd4 11. Bxd4 Bc6 12. f3 a5 13. a4 Nd7 14. Nb5 Bxd4+
15. Qxd4 Qb6 16. Qxb6 Nxb6 17. b3 Bxb5 18. cxb5 Rfc8 19. Kf2 Kf8 20. Ke3 Ke8
21. Rfd1 Rxc1 22. Rxc1 Kd7 23. Kd4 e6 24. g4 f6 25. h3 h6 26. h4 Rh8 27. Ke3 d5
28. Bd3 Kd6 29. Rc2 g5 30. h5 Rd8 31. Rc1 Rd7 32. b4 axb4 33. a5 Na4 34. a6 Nc5
35. exd5 exd5 36. Bf5 Re7+ 37. Kf2 bxa6 38. bxa6 Nxa6 39. Rc8 Nc5 40. Rh8 d4
41. Rxh6 d3 42. Rh8 d2 43. Bc2 b3 44. Rd8+ Kc7 45. Rxd2 bxc2 46. Rxc2 Kd6 47.
Rd2+ Kc6 48. Rd8 Ne6 49. Rd2 Ra7 50. Rc2+ Kd5 51. Rd2+ Nd4 52. h6 Kc4 53. Kg3
Rh7 54. Rh2 Kd3 55. Ra2 Ne2+ 56. Kf2 Nf4 57. Ra3+ Kd4 58. Ra4+ Ke5 59. Ra5+ Nd5
60. Ra8 Rxh6 61. Re8+ Kd4 62. Re4+ Kd3 63. Kg3 Nf4 64. Re8 Rh3+ 65. Kf2 Rh2+
66. Kf1 Nd5 67. Rd8 Kd4 68. Re8 Rb2 69. Rd8 Ke5 70. Re8+ Kf4 71. Re4+ Kg3 0-1

[Event "SR 3. liga A2 2006/2007"]
[Site "?"]
[Date "2007.01.14"]
[Round "6"]
[White "Sarmir, Milos"]
[Black "Moravcik, Marian"]
[Result "0-1"]
[WhiteElo "2159"]
[BlackElo "1991"]
[Annotator "Piestany B - Cífer  /2/"]
[PlyCount "92"]
[EventDate "2006.??.??"]

1. e4 c5 2. Nf3 d6 3. d4 cxd4 4. Nxd4 Nf6 5. Nc3 a6 6. Be2 e6 7. O-O Qc7 8. f4
Nc6 9. Kh1 Be7 10. Be3 O-O 11. Bf3 Bd7 12. Nce2 Rac8 13. c3 b5 14. Qd3 Rfd8 15.
g4 e5 16. Nf5 Bf8 17. g5 Ne8 18. Nfg3 exf4 19. Nxf4 Ne5 20. Qe2 Bc6 21. Bg2 g6
22. h4 Qb7 23. h5 Rc7 24. Rad1 Re7 25. Nd5 Bxd5 26. Rxd5 Nc7 27. Rdd1 Ne6 28.
Nf5 Red7 29. Nh6+ Kg7 30. Rf6 Be7 31. Qf2 Rf8 32. Rd5 Bd8 33. Bh3 Re8 34. Bd4
Nxg5 35. Bxd7 Qxd7 36. Rdxd6 Qh3+ 37. Kg1 Bxf6 38. Qxf6+ Kxh6 39. Bxe5 Rxe5 40.
hxg6 fxg6 41. Rd5 Qg3+ 42. Kf1 Rxe4 43. Qf8+ Kh5 44. Rxg5+ Qxg5 45. Qf3+ Qg4
46. Qh1+ Kg5 0-1

[Event "SR 3. liga A2 2006/2007"]
[Site "?"]
[Date "2007.01.14"]
[Round "6"]
[White "Bincik, Pavol"]
[Black "Vagovsky, Jozef"]
[Result "0-1"]
[WhiteElo "1937"]
[BlackElo "2034"]
[Annotator "Piestany B - Cífer  /3/"]
[PlyCount "58"]
[EventDate "2006.??.??"]

1. d4 d5 2. c4 c6 3. Nc3 dxc4 4. a4 Nf6 5. e3 Bf5 6. Bxc4 e6 7. Nge2 Nbd7 8.
Ng3 Bg6 9. O-O Nb6 10. Qe2 Bb4 11. Bb3 a5 12. Bc2 Qe7 13. Rd1 Rd8 14. e4 $11
O-O 15. Be3 Qc7 16. f4 h6 17. e5 Bxc2 18. Qxc2 Nfd5 19. Nxd5 Nxd5 20. Bd2 Qb6
21. Qe4 Bxd2 22. Rxd2 Qb4 23. Rad1 Ne7 24. Qc2 Rd5 25. b3 Rfd8 26. Qc4 Qb6 27.
Kf2 c5 28. Ne2 cxd4 29. Rd3 Rc8 0-1

[Event "SR 3. liga A2 2006/2007"]
[Site "?"]
[Date "2007.01.14"]
[Round "6"]
[White "Liptak, Tomas"]
[Black "Orvisky, Vladimir"]
[Result "0-1"]
[WhiteElo "1970"]
[BlackElo "1904"]
[Annotator "Piestany B - Cífer  /4/"]
[PlyCount "70"]
[EventDate "2006.??.??"]

1. e4 Nf6 2. e5 Nd5 3. d4 d6 4. Nf3 Bg4 5. Be2 e6 6. c4 Nb6 7. O-O Be7 8. Bf4
O-O 9. Nc3 Nc6 10. exd6 cxd6 11. b3 d5 12. c5 Nc8 13. b4 Nxb4 14. Qb3 Bxf3 15.
Bxf3 a5 16. a3 Nd3 17. Be3 Qc7 18. Nb5 Nxc5 19. dxc5 Qc6 20. Rac1 a4 21. Qb2
Bf6 22. Qb1 Ra5 23. Nd4 Qc7 24. Nb5 Qc6 25. Qb4 Qxb5 26. Qd2 Ra8 27. Rb1 Qc6
28. Rfc1 Ne7 29. Rb4 Rfc8 30. Bg5 Bxg5 31. Qxg5 Qd7 32. Rg4 Ng6 33. h4 f6 34.
Qh5 Ne5 35. Rb4 Nd3 0-1

[Event "SR 3. liga A2 2006/2007"]
[Site "?"]
[Date "2007.01.14"]
[Round "6"]
[White "Gono, Michal"]
[Black "Vlkovic, Pavol"]
[Result "1/2-1/2"]
[WhiteElo "1593"]
[BlackElo "1924"]
[Annotator "Piestany B - Cífer  /5/"]
[PlyCount "100"]
[EventDate "2006.??.??"]

1. d4 e6 2. c4 f5 3. g3 d5 4. cxd5 exd5 5. Bg2 c6 6. Nc3 Nf6 7. Nf3 Be7 8. Bf4
O-O 9. O-O Ne4 10. Ne5 Nd7 11. f3 Ng5 12. Qb3 Nxe5 13. Bxe5 Kh8 14. e4 dxe4 15.
fxe4 Bf6 16. Rad1 Nxe4 17. Nxe4 fxe4 18. Bxf6 gxf6 19. Bxe4 Qe7 20. Bf5 Bxf5
21. Rxf5 Rae8 22. Qd3 Qe2 23. Qxe2 Rxe2 24. Rf2 Re7 25. d5 cxd5 26. Rxd5 Kg7
27. Rdf5 Re6 28. g4 h6 29. h4 Re4 30. R5f4 Rxf4 31. Rxf4 Rc8 32. Rb4 b6 33. Kf2
Rc5 34. Ke3 h5 35. Kd3 Kf7 36. gxh5 Rxh5 37. Ra4 a5 38. Ke3 Ke6 39. Kf3 Rc5 40.
Kg4 Rc2 41. b3 Rg2+ 42. Kf3 Rc2 43. h5 Kf5 44. h6 Rh2 45. b4 axb4 46. Rxb4 Rxh6
47. Rb5+ Kg6 48. Rxb6 Rh3+ 49. Ke4 Ra3 50. Rb2 Ra4+ 1/2-1/2

[Event "SR 3. liga A2 2006/2007"]
[Site "?"]
[Date "2007.01.14"]
[Round "6"]
[White "Hrusovsky, Jan"]
[Black "Sedlak, Rastislav"]
[Result "0-1"]
[WhiteElo "1767"]
[BlackElo "1523"]
[Annotator "Piestany B - Cífer  /6/ "]
[PlyCount "98"]
[EventDate "2006.??.??"]

1. e4 e5 2. Nf3 Nc6 3. Bb5 a6 4. Ba4 Nf6 5. d3 b5 6. Bb3 Bc5 7. Bg5 h6 8. Bh4
d6 9. Bd5 Bb7 10. c3 g5 11. Bg3 Nxd5 12. exd5 Ne7 13. b4 Bb6 14. c4 f5 15. Nxe5
dxe5 16. Bxe5 Rh7 17. Qh5+ Kd7 18. c5 Nxd5 19. cxb6 Nxb6 20. Qg6 Qe7 21. Qxf5+
Kd8 22. Qf6 Bxg2 23. Rg1 Bd5 24. Nc3 Bb7 25. O-O-O Qxf6 26. Bxf6+ Kd7 27. Ne4
Re8 28. Bd4 Bxe4 29. dxe4 Kc6 30. f3 Rf7 31. Rd3 Rf4 32. h3 Nc4 33. Rg4 Rf7 34.
Rg1 Rd8 35. Rgd1 Rf4 36. Bg1 Rxd3 37. Rxd3 Rh4 38. f4 Rxf4 39. Bc5 Rxe4 40. Bf8
h5 41. Rg3 g4 42. hxg4 hxg4 43. Bc5 a5 44. a3 axb4 45. axb4 Ne5 46. Kd1 Rf4 47.
Ke2 Rc4 48. Ra3 Rc2+ 49. Kd1 Rg2 0-1

[Event "SR 3. liga A2 2006/2007"]
[Site "?"]
[Date "2007.01.14"]
[Round "6"]
[White "Sucic, Jan"]
[Black "Liptak, Dusan"]
[Result "1-0"]
[WhiteElo "1578"]
[BlackElo "1708"]
[Annotator "Piestany B - Cífer  /7/"]
[PlyCount "114"]
[EventDate "2006.??.??"]

1. d4 f5 2. c4 Nf6 3. Nc3 e6 4. b3 Nc6 5. Bb2 Be7 6. g3 d6 7. Bg2 O-O 8. d5
exd5 9. Nxd5 Be6 10. Nh3 Kh8 11. Ng5 Bg8 12. Nf4 Qd7 13. h4 Rad8 14. h5 Bf7 15.
Ng6+ Kg8 16. Nxf8 Rxf8 17. Nxf7 Rxf7 18. h6 g6 19. Bd5 Nxd5 20. cxd5 Nd8 21. f4
b6 22. Qd2 Nb7 23. O-O-O Nc5 24. Qe3 Qb5 25. Bd4 Nb7 26. Qd3 Qxd5 27. Qc4 Qa5
28. a4 Nc5 29. Bc3 Qa6 30. Qxa6 Nxa6 31. b4 Bf6 32. Kc2 Bxc3 33. Kxc3 Re7 34.
Rhe1 Re3+ 35. Rd3 Re4 36. Rb1 Nb8 37. Rb2 Nc6 38. e3 Nd8 39. Kd2 Kf7 40. Rd4
Rxd4+ 41. exd4 Ke7 42. d5 Nf7 43. Kc3 Kd7 44. b5 Nd8 45. Rg2 Ke7 46. Kb4 Nf7
47. a5 Kd7 48. axb6 axb6 49. Ra2 Ke7 50. Ra8 Nd8 51. Ra7 Kd7 52. Kc4 Nf7 53.
Ra8 Nxh6 54. Rh8 Nf7 55. Rxh7 Ke7 56. Kd3 Kf8 57. Ke3 Kg8 1-0

[Event "SR 3. liga A2 2006/2007"]
[Site "?"]
[Date "2007.01.14"]
[Round "6"]
[White "Markuliak, Mario"]
[Black "Lesay, Dominik"]
[Result "1-0"]
[WhiteElo "1588"]
[BlackElo "1562"]
[Annotator "Piestany B - Cífer  /8/"]
[PlyCount "79"]
[EventDate "2006.??.??"]

1. c4 d5 2. cxd5 Qxd5 3. Nc3 Qa5 4. g3 Bg4 5. Bg2 c6 6. Nf3 e5 7. O-O Nd7 8. d3
Bc5 9. Bd2 Qb6 10. Qc2 Ngf6 11. Rac1 Bxf3 12. Bxf3 Bd4 13. e3 Bxc3 14. Bxc3 O-O
15. d4 Rfe8 16. dxe5 Nxe5 17. Be2 Nd5 18. Bd4 Qa5 19. a3 h6 20. Rfd1 Rad8 21.
Qb3 Nf6 22. Rc5 Qc7 23. Bxe5 Rxd1+ 24. Bxd1 Rxe5 25. Rxe5 Qxe5 26. Qxb7 Qc5 27.
Bb3 Nd5 28. e4 Ne7 29. Qb8+ Kh7 30. Bxf7 Qd4 31. Qe8 Qd1+ 32. Kg2 Qd6 33. f4 g5
34. f5 Qd2+ 35. Kh3 g4+ 36. Kxg4 Qxh2 37. Bg6+ Nxg6 38. fxg6+ Kg7 39. Qf7+ Kh8
40. Qh7# 1-0

[Event "SR 3. liga A2 2006/2007"]
[Site "?"]
[Date "2007.01.14"]
[Round "6"]
[White "Slamena, Michal"]
[Black "Blatnicky, Miroslav"]
[Result "0-1"]
[WhiteElo "1957"]
[BlackElo "2163"]
[Annotator "Hlohovec jun. - Vrbové  /1/"]
[PlyCount "124"]
[EventDate "2006.??.??"]

1. e4 e6 2. d4 d5 3. Nd2 Nf6 4. e5 Nfd7 5. Bd3 c5 6. c3 Nc6 7. Ne2 Qb6 8. Nf3
cxd4 9. cxd4 Bb4+ 10. Kf1 Be7 11. a3 f6 12. Nf4 Nd8 13. Qc2 f5 14. h4 Nf8 15.
Kg1 Bd7 16. Bxf5 exf5 17. Nxd5 Rc8 18. Qxc8 Bxc8 19. Nxb6 axb6 20. d5 Nf7 21.
b4 Ng6 22. Bb2 O-O 23. g3 h5 24. Rc1 f4 25. d6 Nxd6 26. exd6 Bxd6 27. Kg2 fxg3
28. fxg3 Bg4 29. Rhf1 Re8 30. Rfe1 Rf8 31. Re3 Ne7 32. Nh2 Bd7 33. Rd1 Bc6+ 34.
Kg1 Nf5 35. Rxd6 Nxe3 36. Rg6 Rf7 37. Rg5 Rd7 38. Re5 Nc4 39. Re2 Rd3 40. Kf2
Nd6 41. g4 Rh3 42. Ke1 Rxh4 43. gxh5 Rxh5 44. Nf1 Rh1 45. Rf2 Bb5 46. Be5 Nc4
47. Bd4 Nxa3 48. Bxb6 Bxf1 49. Rxf1 Nc2+ 50. Ke2 Rxf1 51. Kxf1 Nxb4 52. Ke2 Kf7
53. Bc5 Nc6 54. Kd3 Ke6 55. Kc4 g5 56. Kb5 Ne5 57. Be3 g4 58. Bf2 Nd7 59. Bg3
Kd5 60. Bh4 Ke4 61. Bg3 Kf3 62. Bh4 g3 0-1

[Event "SR 3. liga A2 2006/2007"]
[Site "?"]
[Date "2007.01.14"]
[Round "6"]
[White "Feranec, Milan"]
[Black "Kollarik, Gorazd"]
[Result "0-1"]
[WhiteElo "1890"]
[BlackElo "1976"]
[Annotator "Hlohovec jun. - Vrbové  /2/"]
[PlyCount "94"]
[EventDate "2006.??.??"]

1. Nf3 d5 2. b3 Nf6 3. Bb2 e6 4. d3 b6 5. Nbd2 Bb7 6. g3 Nbd7 7. Bg2 c5 8. e3
Qc7 9. a4 a6 10. Rc1 Bd6 11. Nh4 O-O 12. O-O b5 13. Re1 Rfd8 14. Bh3 Bc6 15. f4
bxa4 16. bxa4 Bxa4 17. Ra1 Bc6 18. Bf1 Rdb8 19. Ba3 Nb6 20. Bb2 Be7 21. Be5 Bd6
22. Nhf3 Nbd7 23. d4 c4 24. c3 Rb2 25. Re2 Rb7 26. Bh3 a5 27. g4 a4 28. Nb1 Ne4
29. Rea2 Rab8 30. Qc2 Rb3 31. Nfd2 Nxd2 32. Nxd2 R3b7 33. Kf2 Nxe5 34. fxe5 Be7
35. Bg2 a3 36. Kf3 Rb2 37. Qc1 Qb6 38. h4 Ba4 39. g5 Bb3 40. Rxa3 Bxa3 41. Rxa3
Rc2 42. Qe1 Rxc3 43. Kf4 Qb4 44. Nxb3 Qxa3 45. Qxc3 Qxb3 46. Qc1 c3 47. Bf3 Qb2
0-1

[Event "SR 3. liga A2 2006/2007"]
[Site "?"]
[Date "2007.01.14"]
[Round "6"]
[White "Synak, Jan"]
[Black "Krchnak, Rudolf"]
[Result "1-0"]
[WhiteElo "1802"]
[BlackElo "1950"]
[Annotator "Hlohovec jun. - Vrbové  /3/"]
[PlyCount "89"]
[EventDate "2006.??.??"]

1. Nf3 Nf6 2. c4 e6 3. g3 b6 4. Bg2 Bb7 5. O-O Be7 6. b3 O-O 7. Bb2 c5 8. Na3
Na6 9. Nc2 Nc7 10. d4 Rb8 11. Rc1 d5 12. Ne5 Nd7 13. dxc5 Nxc5 14. Nd4 Qe8 15.
cxd5 Nxd5 16. Qd2 Rc8 17. Rfd1 f6 18. Nc4 Qf7 19. Nb5 a6 20. Nbd6 Qh5 21. Nxc8
Rxc8 22. e4 Nc7 23. Nxb6 Rd8 24. Qc2 Rxd1+ 25. Qxd1 Qxd1+ 26. Rxd1 Bxe4 27.
Bxe4 Nxe4 28. Rd7 Bc5 29. Bd4 Bxb6 30. Bxb6 Nd5 31. Ba5 h5 32. Ra7 Nc5 33. b4
Nd3 34. Rxa6 N5xb4 35. Bxb4 Nxb4 36. Ra7 e5 37. a4 Kh7 38. Rc7 Kh6 39. a5 g5
40. Rb7 Nc6 41. a6 Kg6 42. Rc7 Nd4 43. Rc5 h4 44. a7 Nf3+ 45. Kh1 1-0

[Event "SR 3. liga A2 2006/2007"]
[Site "?"]
[Date "2007.01.14"]
[Round "6"]
[White "Smrek, Peter"]
[Black "Racik, Marek"]
[Result "0-1"]
[WhiteElo "1964"]
[BlackElo "1901"]
[Annotator "Hlohovec jun. - Vrbové  /4/"]
[PlyCount "62"]
[EventDate "2006.??.??"]

1. e4 c5 2. Nf3 d6 3. d4 cxd4 4. Nxd4 Nf6 5. Nc3 g6 6. b3 Bg7 7. Bb2 Nc6 8. Qd2
O-O 9. O-O-O Nxd4 10. Qxd4 Be6 11. Nd5 Bxd5 12. exd5 Nh5 13. Qe3 Nf6 14. Kb1 a5
15. a4 Rc8 16. Bc4 Ng4 17. Qe2 Ne5 18. Bb5 Qc7 19. Rhe1 Qc5 20. f4 Ng4 21. c4
Bxb2 22. Kxb2 Nh6 23. Qxe7 Qf2+ 24. Re2 Qxf4 25. g3 Qf3 26. Rde1 Nf5 27. Qf6
Qd3 28. Ka3 Nd4 29. Re3 Nc2+ 30. Kb2 Nxe3 31. Qxd6 Qd2+ 0-1

[Event "SR 3. liga A2 2006/2007"]
[Site "?"]
[Date "2007.01.14"]
[Round "6"]
[White "Barca, Michal"]
[Black "Podjavorinsky, Peter"]
[Result "1-0"]
[WhiteElo "1807"]
[BlackElo "1704"]
[Annotator "Hlohovec jun. - Vrbové  /5/"]
[PlyCount "51"]
[EventDate "2006.??.??"]

1. c4 Nf6 2. Nc3 g6 3. e4 d6 4. Nf3 Bg7 5. Be2 O-O 6. O-O Nbd7 7. d3 a6 8. Rb1
c5 9. Be3 Qa5 10. a3 b5 11. Na2 bxc4 12. dxc4 Nxe4 13. Qd5 Rb8 14. Qxe4 Rxb2
15. Rxb2 Bxb2 16. Qxe7 Qxa3 17. Nc1 Bxc1 18. Bxc1 Qa2 19. Bh6 Qb2 20. Bxf8 Nxf8
21. Ng5 Be6 22. Nxe6 Nxe6 23. Bg4 Qe5 24. Bxe6 fxe6 25. Rb1 d5 26. cxd5 1-0

[Event "SR 3. liga A2 2006/2007"]
[Site "?"]
[Date "2007.01.14"]
[Round "6"]
[White "Lajda, Dusan"]
[Black "Filip, Frantisek"]
[Result "1-0"]
[WhiteElo "1737"]
[BlackElo "1819"]
[Annotator "Hlohovec jun. - Vrbové  /6/"]
[PlyCount "91"]
[EventDate "2006.??.??"]

1. e4 e5 2. Nf3 Nc6 3. Bc4 h6 4. d4 exd4 5. Nxd4 Ne5 6. Bb3 c5 7. Nf3 c4 8.
Nxe5 cxb3 9. Nd3 bxa2 10. Nc3 d6 11. Rxa2 Be6 12. Ra1 a6 13. O-O Ne7 14. Re1
Ng6 15. Bf4 Be7 16. Bg3 O-O 17. Nf4 Nh8 18. Ncd5 Bxd5 19. Nxd5 Bh4 20. Bxh4
Qxh4 21. g3 Qd8 22. e5 dxe5 23. Rxe5 Re8 24. Rxe8+ Qxe8 25. Nc7 Qd8 26. Nxa8
Qxa8 27. Qd7 b5 28. Re1 Qf3 29. Re8+ Kh7 30. Qd3+ Qxd3 31. cxd3 f6 32. Ra8 Nf7
33. f4 Nd6 34. Rxa6 Nf5 35. Rb6 Nd4 36. Rd6 Nc2 37. Kf2 Kg6 38. g4 Kf7 39. Rd7+
Kf8 40. f5 Nb4 41. Ke2 Nc6 42. d4 Ne7 43. Rb7 g6 44. Rxe7 Kxe7 45. fxg6 Kf8 46.
h4 1-0

[Event "SR 3. liga A2 2006/2007"]
[Site "?"]
[Date "2007.01.14"]
[Round "6"]
[White "Slamka, Michal"]
[Black "Holan, Jaroslav"]
[Result "1-0"]
[WhiteElo "1681"]
[BlackElo "1535"]
[Annotator "Hlohovec jun. - Vrbové  /7/"]
[PlyCount "25"]
[EventDate "2006.??.??"]

1. e4 d5 2. exd5 Qxd5 3. Nc3 Qd8 4. Bc4 Nf6 5. d3 Nc6 6. Bf4 a6 7. Nf3 Bg4 8.
h3 Bh5 9. g4 Nxg4 10. hxg4 Bxg4 11. Bxf7+ Kxf7 12. Ng5+ Kg8 13. Qxg4 1-0

[Event "SR 3. liga A2 2006/2007"]
[Site "?"]
[Date "2007.01.14"]
[Round "6"]
[White "Bjel, Jan"]
[Black "Marhula, Milan"]
[Result "1-0"]
[WhiteElo "1350"]
[BlackElo "1551"]
[Annotator "Hlohovec jun. - Vrbové  /8/"]
[PlyCount "75"]
[EventDate "2006.??.??"]

1. e4 e5 2. Nf3 Nc6 3. Bb5 a6 4. Ba4 b5 5. Bb3 d6 6. h3 h6 7. O-O Nf6 8. Re1
Be7 9. c3 O-O 10. Bc2 Nh7 11. d4 exd4 12. Nxd4 Nxd4 13. cxd4 f5 14. Qf3 fxe4
15. Qxe4 Bf5 16. Qd5+ Kh8 17. Bxf5 Bg5 18. Bxh7 Kxh7 19. Bxg5 Qxg5 20. Qxg5
hxg5 21. Nc3 Rf7 22. Rad1 Raf8 23. Rd2 Kh6 24. Rde2 g6 25. f3 b4 26. Nd5 a5 27.
Re7 c6 28. Rxf7 Rxf7 29. Re7 Kg7 30. Rxf7+ Kxf7 31. Ne3 d5 32. Kf2 Ke6 33. Kg3
c5 34. dxc5 d4 35. Nc4 d3 36. c6 d2 37. Nxd2 Kd6 38. Kg4 1-0

[Event "SR 3. liga A2 2006/2007"]
[Site "?"]
[Date "2007.01.28"]
[Round "7"]
[White "Hecko, Dusan"]
[Black "Vach, Pavol"]
[Result "0-1"]
[WhiteElo "2142"]
[BlackElo "2117"]
[Annotator "Osuské B - Senica B  /1/"]
[PlyCount "84"]
[EventDate "2006.??.??"]

1. c4 e5 2. Nc3 Nf6 3. Nf3 Nc6 4. g3 Bb4 5. Bg2 O-O 6. O-O Re8 7. d3 Bxc3 8.
bxc3 h6 9. Ne1 d6 10. Nc2 a5 11. Rb1 e4 12. d4 b6 13. Ba3 Qe7 14. Ne3 Bd7 15.
Qc2 Nd8 16. h3 Ne6 17. Kh2 Nf8 18. Rg1 g5 19. Nf1 Ng6 20. Bc1 Nh5 21. f3 f5 22.
fxe4 fxe4 23. Be3 g4 24. Nd2 Nxg3 25. Bf2 Nxe2 26. Bxe4 Rf8 27. Bxa8 Rxf2+ 28.
Rg2 Bf5 29. Ne4 Rxg2+ 30. Kxg2 Ngf4+ 31. Kf2 Qh4+ 32. Ke3 Qxh3+ 33. Kd2 g3 34.
Qa4 Bg6 35. Nf6+ Kf7 36. Rh1 Qf5 37. Qe8+ Kxf6 38. Qd8+ Kg7 39. Qxc7+ Bf7 40.
Rd1 Qd3+ 41. Ke1 Qxc3+ 42. Kf1 Qe3 0-1